Official History of Operations on the N.W. Frontier of India 1936-37 (Record no. 553085)
[ view plain ]
| 000 -LEADER | |
|---|---|
| fixed length control field | 00330nam a22001097a 4500 |
| 082 ## - DEWEY DECIMAL CLASSIFICATION NUMBER | |
| Classification number | 954.912 |
| Author Mark | OFF |
| -- | D |
| 245 ## - TITLE STATEMENT | |
| Title | Official History of Operations on the N.W. Frontier of India 1936-37 |
| 260 ## - PUBLICATION, DISTRIBUTION, ETC. | |
| Place of publication, distribution, etc. | Delhi |
| Name of publisher, distributor, etc. | Manager of Publications, Delhi |
| Date of publication, distribution, etc. | c1943 |
| 300 ## - PHYSICAL DESCRIPTION | |
| Extent | p 256 |
| 526 ## - STUDY PROGRAM INFORMATION NOTE | |
| Program name | 0 |
| Interest level | 0 |
| Reading level | 0 |
| Title point value | 954_912000000000000_OFF |
| 942 ## - ADDED ENTRY ELEMENTS (KOHA) | |
| Source of classification or shelving scheme | |
| Koha item type | Book |
| Withdrawn status | Lost status | Source of classification or shelving scheme | Damaged status | Not for loan | Permanent Location | Current Location | Shelving location | Date acquired | Total Checkouts | Full call number | Barcode | Date last seen | Price effective from | Koha item type |
|---|---|---|---|---|---|---|---|---|---|---|---|---|---|---|
| Military College of Engineering (MCE) | Military College of Engineering (MCE) | 01/29/2015 | 954.912 OFF | MCE-ECO/7.2 | 01/29/2015 | 01/29/2015 | Book |
